00473nam a2200169Ia 4500008004100000040001900041041001200060082002200072100001800094245002500112260004200137300002400179440001700203504005000220650002300270850001000293131103s9999 xx 000 0 und d aLoreto College aEnglish a851.1/DANb#NAME? aHolmes,George aDantecGeorge Holmes aOxfordbOxford University Pressc1980 avi,104 p. c 19 cm. aPast Masters aIncludes index and bibliographical references aItalian Literature aLCLIB